Catalog

Record Details

Catalog Search



Jewish thought : selected themes Hebrew English Parallel texts : 1 - A Chosen People / arranged by Jacob Joshua Ross. Cover Image Book Book

Jewish thought : selected themes Hebrew English Parallel texts : 1 - A Chosen People / arranged by Jacob Joshua Ross.

Ross, Jacob Joshua (Author). : : (Author).

Record details

  • Physical Description: 38 s.
  • Publisher: Jerusalem : Department for Torah, Education and Culture in the Diaspora of the World Zionist Organization.

Available copies

  • 1 of 1 copy available at Common Catalog SPOK.

Holds

  • 0 current holds with 1 total copy.
Show Only Available Copies
Location Call Number / Copy Notes Barcode Shelving Location Status Due Date
ETS Library 296 424470015765 Volný výběr Available -

LDR 00781nam a2200241 i 4500
00141824
003CZ-PrJAB
00520171209143754.0
007ta
008 s xr e 000 0 cze
035 . ‡a(CONS)13056
040 . ‡aABG450 ‡bcze ‡erda
072 7. ‡2Konspekt
082 . ‡a296
1001 . ‡aRoss, Jacob Joshua
1112 . ‡n: ‡d:
24510. ‡aJewish thought : selected themes Hebrew English Parallel texts : ‡b1 - A Chosen People / ‡narranged by Jacob Joshua Ross.
264 1. ‡aJerusalem : ‡bDepartment for Torah, Education and Culture in the Diaspora of the World Zionist Organization.
300 . ‡a38 s.
336 . ‡atext ‡btxt ‡2rdacontent
338 . ‡asvazek ‡bnc ‡2rdacarrier
8524 . ‡bETS ‡bETS ‡cVolný výběr ‡j296 ‡p424470015765 ‡y$50.00
910 . ‡aABG450
999 . ‡a13056 ‡c13056 ‡tbiblio
905 . ‡uadmin
901 . ‡a41824 ‡b ‡c41824 ‡tbiblio ‡sets

Additional Resources